000 00252nam a22001097a 4500
082 _a621.37BHA
100 _aBhar D
245 _aElectrical meaurements and measuring intrumentataion
260 _aNew Delhi
_bOxford
_c1985
300 _a261
942 _cBK
999 _c13960
_d13960